Préfectures et sous-préfectures françaises en images - Statistiques

Statistiques générales
  • Ce quiz a été pris 59 fois
  • Le résultat moyen est 44 sur 334
Statistiques - réponses
Par images Réponse % Correct
Marseille
97%
Paris
82%
Clermont-Ferrand
73%
Le Mans
70%
Arles
64%
Millau
64%
Nîmes
64%
Avignon
61%
Saint-Malo
61%
Carcassonne
55%
Lille
55%
Nancy
55%
Orléans
55%
Rouen
55%
Saint-Nazaire
55%
Toulouse
55%
La Rochelle
52%
Le Puy-en-Velay
52%
Arras
48%
Beaune
48%
Brest
48%
Versailles
48%
Annecy
45%
Belfort
45%
Bordeaux
45%
Metz
45%
Montpellier
45%
Nice
45%
Perpignan
45%
Toulon
45%
Albi
42%
Angers
42%
Grenoble
42%
Le Havre
42%
Bourges
39%
Dijon
39%
Limoges
39%
Lyon
39%
Nantes
39%
Besançon
36%
Calais
36%
Ajaccio
33%
Béziers
33%
Chartres
33%
Morlaix
33%
Saumur
33%
Bayonne
30%
Caen
30%
Colmar
30%
Sarcelles
30%
Blaye
27%
Briançon
27%
Évry-Courcouronnes
27%
Montauban
27%
Reims
27%
Saint-Denis
27%
Brioude
24%
Fontainebleau
24%
Nevers
24%
Périgueux
24%
Beauvais
21%
Charleville-Mézières
21%
Chaumont
21%
Laon
21%
Pau
21%
Rochefort
21%
Sens
21%
Bastia
18%
Béthune
18%
Bobigny
18%
Bourg-en-Bresse
18%
Calvi
18%
Chambéry
18%
Créteil
18%
Foix
18%
Fougères
18%
Langres
18%
Les Sables-d'Olonne
18%
Mulhouse
18%
Nanterre
18%
Narbonne
18%
Rennes
18%
Saint-Denis
18%
Saint-Dié-des-Vosges
18%
Saint-Dizier
18%
Saint-Georges
18%
Saint-Laurent-du-Maroni
18%
Saverne
18%
Sélestat
18%
Aurillac
15%
Blois
15%
Boulogne-sur-Mer
15%
Cahors
15%
Castres
15%
Coutances
15%
Lisieux
15%
Lorient
15%
Montluçon
15%
Quimper
15%
Sarlat-la-Canéda
15%
Soissons
15%
Tours
15%
Vannes
15%
Vienne
15%
Aix-en-Provence
12%
Amiens
12%
Angoulême
12%
Basse-Terre
12%
Cherbourg-en-Cotentin
12%
Digne-les-Bains
12%
Dole
12%
Langon
12%
Libourne
12%
Lure
12%
Mamoudzou
12%
Mende
12%
Nantua
12%
Niort
12%
Pamiers
12%
Saint-Gaudens
12%
Saint-Pierre
12%
Senlis
12%
Thonon-les-Bains
12%
Troyes
12%
Valence
12%
Alès
9%
Arcachon
9%
Auch
9%
Barcelonnette
9%
Boulogne-Billancourt
9%
Castellane
9%
Castelsarrasin
9%
Cergy - Pontoise
9%
Dunkerque
9%
Florac-Trois-Rivières
9%
La Roche-sur-Yon
9%
La Trinité
9%
Laval
9%
Lens
9%
L'Haÿ-les-Roses
9%
Limoux
9%
Molsheim
9%
Montbéliard
9%
Nyons
9%
Parthenay
9%
Poitiers
9%
Provins
9%
Rodez
9%
Saint-Benoît
9%
Saint-Flour
9%
Saint-Jean-de-Maurienne
9%
Saint-Lô
9%
Saint-Pierre
9%
Sarreguemines
9%
Tournon-sur-Rhône
9%
Vitry-le-François
9%
Agen
6%
Ambert
6%
Apt
6%
Auxerre
6%
Bayeux
6%
Belley
6%
Bernay
6%
Cayenne
6%
Chalon-sur-Saône
6%
Compiègne
6%
Confolens
6%
Corte
6%
Dieppe
6%
Évreux
6%
Figeac
6%
Fort-de-France
6%
Gap
6%
Gex
6%
Guéret
6%
Guingamp
6%
Issoire
6%
Istres
6%
Jonzac
6%
Largentière
6%
Le Marin
6%
Loches
6%
Lons-le-Saunier
6%
Louhans
6%
Mauriac
6%
Melun
6%
Pontarlier
6%
Pontivy
6%
Prades
6%
Saintes
6%
Saint-Étienne
6%
Saint-Germain-en-Laye
6%
Saint-Paul
6%
Sartène
6%
Tulle
6%
Valenciennes
6%
Vesoul
6%
Villefranche-de-Rouergue
6%
Villefranche-sur-Saône
6%
Abbeville
3%
Albertville
3%
Alençon
3%
Altkirch
3%
Antony
3%
Aubusson
3%
Autun
3%
Bar-le-Duc
3%
Brive-la-Gaillarde
3%
Carpentras
3%
Céret
3%
Château-Gontier-sur-Mayenne
3%
Chateauroux
3%
Chinon
3%
Clamecy
3%
Condom
3%
Cosne-Cours-sur-Loire
3%
Die
3%
Dinan
3%
Dreux
3%
Épernay
3%
Fontenay-le-Comte
3%
Forbach
3%
Grasse
3%
Lannion
3%
Lodève
3%
Lunéville
3%
Mâcon
3%
Mirande
3%
Mont-de-Marsan
3%
Montdidier
3%
Moulins
3%
Oloron-Sainte-Marie
3%
Péronne
3%
Pointe-à-Pitre
3%
Privas
3%
Rambouillet
3%
Riom
3%
Romorantin-Lanthenay
3%
Saint-Brieuc
3%
Saint-Claude
3%
Saint-Girons
3%
Saint-Julien-en-Genevois
3%
Saint-Quentin
3%
Sarrebourg
3%
Sedan
3%
Segré-en-Anjou Bleu
3%
Thionville
3%
Torcy
3%
Toul
3%
Ussel
3%
Verdun
3%
Vichy
3%
Vire Normandie
3%
Yssingeaux
3%
Argelès-Gazost
0%
Argentan
0%
Argenteuil
0%
Avallon
0%
Avallon
0%
Avesnes-sur-Helpe
0%
Avranches
0%
Bagnères-de-Bigorre
0%
Bar-sur-Aube
0%
Bellac
0%
Bergerac
0%
Bonneville
0%
Bressuire
0%
Brignoles
0%
Cambrai
0%
Châlons-en-Champagne
0%
Charolles
0%
Châteaubriant
0%
Château-Chinon
0%
Châteaudun
0%
Chateaulin
0%
Château-Thierry
0%
Châtellerault
0%
Cholet
0%
Clermont
0%
Cognac
0%
Commercy
0%
Dax
0%
Douai
0%
Draguignan
0%
Épinal
0%
Étampes
0%
Forcalquier
0%
Gourdon
0%
Haguenau
0%
Issoudun
0%
La Châtre
0%
La Flèche
0%
La Tour-du-Pin
0%
Le Blanc
0%
Le Raincy
0%
Les Andelys
0%
Lesparre-Médoc
0%
Le Vigan
0%
Mamers
0%
Mantes-la-Jolie
0%
Marmande
0%
Mayenne
0%
Meaux
0%
Montargis
0%
Montbard
0%
Montbrison
0%
Montmorillon
0%
Montreuil
0%
Mortagne-au-Perche
0%
Muret
0%
Nérac
0%
Neufchâteau
0%
Nogent-le-Rotrou
0%
Nogent-sur-Marne
0%
Nogent-sur-Seine
0%
Nontron
0%
Palaiseau
0%
Pithiviers
0%
Redon
0%
Rethel
0%
Roanne
0%
Rochechouart
0%
Saint-Amand Montrond
0%
Saint-Jean d'Angely
0%
Saint-Omer
0%
Tarbes
0%
Thann
0%
Thiers
0%
Val-de-Briey
0%
Vendôme
0%
Vervins
0%
Vierzon
0%
Villeneuve-sur-Lot
0%
Vouziers
0%
Aucun quiz correspondant
Distribution des résultats
% des personnes avec chaque résultat
Percentile par nombre de réponses
Votre historique - résultats
Vous n’avez pas pris ce quiz